000 00509nam a2200193Ia 4500
005 20250326143151.0
008 250326s9999 xx 000 0 und d
037 _aTextbook
040 _aFMSL
_beng
_cFMSL
041 _aeng
_2eng
084 _aX62.44 M7
_qFMSL
100 _aDesai V
_9736900
245 0 _aIndian banking nature and problems
_cDesai V
250 _a2
260 _aBombay
_bBombay, Himalaya
_c1987
300 _a688p
942 _cTB
_hX62.44 M7
999 _c1298415
_d1298415